प्रदुषण : (Record no. 119730)

MARC details
000 -LEADER
fixed length control field 01240nam a22002777a 4500
005 - DATE AND TIME OF LATEST TRANSACTION
control field 20170124103147.0
010 ## - LIBRARY OF CONGRESS CONTROL NUMBER
LC control number A-385702
020 ## - INTERNATIONAL STANDARD BOOK NUMBER
Terms of availability 40.00
035 ## - SYSTEM CONTROL NUMBER
System control number A-385702
037 ## - SOURCE OF ACQUISITION
Source of stock number/acquisition Cen Lib/Ret
040 ## - CATALOGING SOURCE
Original cataloging agency DPL
Language of cataloging HN
082 ## - DEWEY DECIMAL CLASSIFICATION NUMBER
Classification number 574.5
Item number शर्माश्या
100 ## - MAIN ENTRY--PERSONAL NAME
Personal name शर्मा, श्यामसुन्दर
9 (RLIN) 130
245 ## - TITLE STATEMENT
Title प्रदुषण :
Statement of responsibility, etc श्यामसुन्दर शर्मा, मृदुला गर्ग
Remainder of title कारन और निवारण /
246 ## - VARYING FORM OF TITLE
Title proper/short title Pradushan : karan aur nivaran /
Remainder of title by Shyam Sundar Sharma, Mridula Garg
260 ## - PUBLICATION, DISTRIBUTION, ETC. (IMPRINT)
Place of publication, distribution, etc नई दिल्ली
Name of publisher, distributor, etc साहित्य सहकर
Date of publication, distribution, etc 1989
270 ## - ADDRESS
Address ई-10/4, कृष्णनगर
City नई दिल्ली
Postal code 110051
300 ## - PHYSICAL DESCRIPTION
Extent 96पृ. :
Dimensions 21सेमी(सजिल्द)
Other physical details सचित्र
500 ## - GENERAL NOTE
General note अनुक्रमणिका शामिल
650 ## - SUBJECT ADDED ENTRY--TOPICAL TERM
Topical term or geographic name as entry element जल प्रदुषण
9 (RLIN) 46060
650 ## - SUBJECT ADDED ENTRY--TOPICAL TERM
Topical term or geographic name as entry element वायु प्रदुषण
9 (RLIN) 86589
650 ## - SUBJECT ADDED ENTRY--TOPICAL TERM
Topical term or geographic name as entry element Water Pollution
9 (RLIN) 15859
650 ## - SUBJECT ADDED ENTRY--TOPICAL TERM
Topical term or geographic name as entry element Air Pollution
9 (RLIN) 15959
700 ## - ADDED ENTRY--PERSONAL NAME
Personal name गर्ग, मृदुला
9 (RLIN) 86590
942 ## - ADDED ENTRY ELEMENTS (KOHA)
Source of classification or shelving scheme Dewey Decimal Classification
Koha item type Hindi Books
Classification part 574.5
Call number suffix शर्माश्या
Holdings
Withdrawn status Lost status Damaged status Not for loan Home library Current library Date acquired Source of acquisition Cost, normal purchase price Total Checkouts Total Renewals Full call number Barcode Date last seen Date checked out Copy number Cost, replacement price Price effective from Koha item type
        Central Library Central Library 18/09/2015 Cen Lib/Ret 40.00 1 1 574.5 शर्माश्या A-385702 02/01/2019 13/12/2018 1 40.00 18/09/2015 Hindi Books

© Delhi Public Library
Hit Counter
free hit counter